000 01217nam2a2200277 4500
001 RU\NLR\bibl\846077
005 20250614150411.0
010 _a5-7621-0322-6
_91000
021 _aRU
_b2005-21115
_91080
035 _a(NLR Aleph) 000834858
090 _a1383754
_c1383754
100 _a20050929d2005 |||y0rusy50 ca
101 0 _arus
102 _aRU
105 _ay |||||||||
200 1 _a1 сентября 2004 года
_f[науч. ред. д.п.н., проф. И.Г. Абрамова]
210 _d2005
_aБ. м.
215 _a110 с.
461 0 _1001RU\NLR\bibl\8326
_12001#$aДень знаний в университете$vВып. 10
_925701
_cСПб
_d1997–
_fСанкт-Петербургский гуманитарный университет профсоюзов
_nИзд-во СПбГУП
_o[сборник]
_tДень знаний в Университете
_vВып. 10
702 1 _4340
_7ca
_8rus
_aАбрамова
_bИ. Г.
_cд-р пед. наук, методист
_f1946-2005
_gИрина Георгиевна
_9233937
_3RU\NLR\AUTH\770233993
801 0 _aRU
_bNLR
_c20050929
_grcr
801 1 _aRU
_bNLR
_c20050929
942 _cBOOK
980 _aNB